LEADER 01216nam a2200265 u 4500 001 000000061391 003 CaOOAMICUS 005 20070226121023.0 008 010906s1998 dcu u000 u eng u 020 $a0891950710 035 $a10901563 040 $aPUL(R)$bita 100 1 $aLassiter, April.$0(OLS)http://pul/name/41908 245 10$aCongress and civil society :$bhow legislators can champion civic renewal in their districts /$cby April Lassiter. 260 $aWashington :$bHeritage Foundation,$cc1998. 300 $aiv, 79 p. ;$c23 cm 500 $aComprende indice. 651 4$aStati Uniti$xCondizioni sociali.$0(OLS)http://pul/subject/19389 651 4$aStati Uniti$xPolitica e governo.$0(OLS)http://pul/subject/14819 850 $aPUL 852 $aPUL$W1$xSL Religione 2$y84$mRH D3 171$j79997$nBK-PRI$b $qStampati altre collocazioni$B79997$CPULBib$Z2$F79997 $H $81 941 1 $a10 996 $6020$a0891950710$9(OLS)http://pul/number/79554 996 $6245$aCongress and civil society :$bhow legislators can champion civic renewal in their districts$9(OLS)http://pul/title/81966 996 $6260$aWashington :$bHeritage Foundation$9(OLS)http://pul/publisher/70043 LEADER 01163nam a2200241 u 4500 001 000000008957 003 CaOOAMICUS 005 20070226105142.0 008 941010s1973 it a u000 u ita u 035 $a10228052 040 $aPUL(R)$bita 245 12$aL'ora di Cristo :$bposizioni nette contro compromessi equivoci /$cMichelel Federico Sciacca. 250 $a2. ed.riv. e raddoppiata. 260 $aMilano :$bMarzorati,$c1973. 300 $a333 p., [1] c. di tav. :$bill. ;$c22 cm 490 1 $aOpere complete di M.F. Sciacca ;$v37 650 0$aChristianity$y20th century.$2//eng$0(OLS)http://pul/subject/6328 650 0$aCivilization, Modern$y20th century.$2//eng$0(OLS)http://pul/subject/7491 800 1 $aSciacca, Michele Federico,$d1908-1975.$tOpere$9(Sciacca, Michele Federico, 1908-1975) ;$v37.$2//eng$0(OLS)http://pul/nameTitle/30$0(OLS)http://pul/name/3648$0(OLS)http://pul/title/7268 850 $aPUL 852 $aPUL$W1$xDP1 Fondo Giannini$y60$m1559 A 34$j12642$nBK-PRI$b $qFondi$B12642$CPULBib$Z2$F12642 $H $81 961 $aINV: F: Giannini 996 $6260$aMilano :$bMarzorati$9(OLS)http://pul/publisher/49236